| 000 | 00347nam a2200145Ia 4500 | ||
|---|---|---|---|
| 008 | 210210b1955 xxu||||| |||| 00| 0 eng d | ||
| 041 | _aeng | ||
| 082 | _a829/466 | ||
| 100 | _aGRAY (Zane) | ||
| 245 | _aWildfire | ||
| 260 |
_aLondon _bThomas Nelson and Sons Limited _c1955 |
||
| 650 | _aWildfire | ||
| 690 | _aEnglish Fiction | ||
| 906 | _a017069 | ||
| 999 |
_c137027 _d137027 |
||